000 00499nam a22001817a 4500
005 20251117174225.0
008 251117b |||||||| |||| 00| 0 eng d
020 _a978-81-19613-08-3
041 _aeng
082 _a572
100 _aGADGIL. MR. GAURAV G.
_98733
245 _aA CONCISE BOOK OF BIOCHEMISTRY : FOR B. PHARMA AND GPAT EXAMINATION
250 _a1ST .ED. 2024
260 _aNEW DELHI
_bINNOVATIVE PUBLICATION PVT.LTD
_c2025
300 _a88;P
650 _aPHARMACY
942 _cBK
999 _c8905
_d8903